[Event "GER-ch U16 Girls"]
[Site "Willingen"]
[Date "2022.06.10"]
[Round "8"]
[White "Alferova, Emily"]
[Black "Sarian, Gaya"]
[Result "1/2-1/2"]
[WhiteElo "1523"]
[BlackElo "1181"]
[PlyCount "122"]
[EventDate "2022.06.04"]
[EventType "swiss"]
[EventRounds "9"]
[EventCountry "GER"]
[SourceTitle "CBM 208 Extra"]
[Source "ChessBase"]
[SourceDate "2022.07.31"]
[SourceVersion "1"]
[SourceVersionDate "2022.07.31"]
[SourceQuality "1"]

1. e4 e5 2. Nf3 Nc6 3. Bc4 Bc5 4. c3 Nf6 5. d3 d6 6. h3 h6 7. Nbd2 0-0 8. 0-0 Re8 9. a4 d5 10. exd5 Nxd5 11. Ne4 Bb6 12. b4 a6 13. Qb3 Be6 14. Re1 Nf6 15. Bxe6 Rxe6 16. Nxf6+ Qxf6 17. Qc2 Rae8 18. Bb2 Ne7 19. Re4 Nd5 20. Bc1 Rc6 21. Bd2 Qd6 22. b5 axb5 23. axb5 Rc5 24. c4 c6 25. Qb3 Nf6 26. Re2 e4 27. dxe4 Rh5 28. Rae1 Qe6 29. bxc6 Qxc6 30. e5 Nd7 31. Bc3 Nc5 32. Qc2 Ne6 33. Re4 Nc5 34. R4e2 Ne6 35. Qe4 Qxe4 36. Rxe4 Rc8 37. g4 Rxh3 38. Kg2 Ng5 39. Nxg5 Rxc3 40. Nf3 R3xc4 41. Nd2 Rxe4 42. Nxe4 Ba5 43. Rb1 b6 44. Rb5 Rc4 45. Kf3 Kf8 46. Nd6 Rc5 47. Rxc5 bxc5 48. Ke4 g6 49. Nc4 Be1 50. f3 Ke7 51. f4 h5 52. gxh5 gxh5 53. f5 h4 54. Kf3 h3 55. Ne3 h2 56. Kg2 Bd2 57. Nd5+ Kf8 58. Kxh2 c4 59. Kg3 Ba5 60. Kf3 c3 61. e6 f6 1/2-1/2

[Event "GER-ch U16 Girls"]
[Site "Willingen"]
[Date "2022.06.07"]
[Round "4"]
[White "Cordes, Jule Johanne"]
[Black "Sarian, Gaya"]
[Result "1-0"]
[WhiteElo "1841"]
[BlackElo "1181"]
[PlyCount "79"]
[EventDate "2022.06.04"]
[EventType "swiss"]
[EventRounds "9"]
[EventCountry "GER"]
[SourceTitle "CBM 208 Extra"]
[Source "ChessBase"]
[SourceDate "2022.07.31"]
[SourceVersion "1"]
[SourceVersionDate "2022.07.31"]
[SourceQuality "1"]

1. d4 Nf6 2. c4 e6 3. Nc3 d5 4. cxd5 exd5 5. Bg5 Be7 6. e3 0-0 7. Bd3 h6 8. Bh4 Be6 9. Qc2 c5 10. dxc5 Bxc5 11. Nf3 Nc6 12. 0-0 d4 13. exd4 Nxd4 14. Nxd4 Qxd4 15. Bxf6 gxf6 16. Rad1 Qg4 17. Ne4 Be7 18. Qc7 f5 19. h3 Qg6 20. Ng3 Bh4 21. b3 b6 22. Qf4 Qg5 23. Qxg5+ Bxg5 24. Bxf5 Bxf5 25. Nxf5 Kh7 26. Rd7 a6 27. Rd6 b5 28. f4 Bd8 29. Rxh6+ Kg8 30. Rc1 Ba5 31. Rcc6 f6 32. Rg6+ Kh8 33. Rcxf6 Rxf6 34. Rxf6 Bc3 35. Rc6 Bd2 36. g3 Rf8 37. Nh4 Rg8 38. Kf2 a5 39. Rb6 b4 40. Ra6 1-0

[Event "GER-ch U25-B"]
[Site "Willingen"]
[Date "2019.06.12"]
[Round "6"]
[White "Lipinsky, Pierre"]
[Black "Sarian, Gaya"]
[Result "1-0"]
[WhiteElo "1353"]
[BlackElo "1452"]
[PlyCount "85"]
[EventDate "2019.06.08"]
[EventType "swiss"]
[EventRounds "9"]
[EventCountry "GER"]
[SourceTitle "CBM 191 Extra"]
[Source "ChessBase"]
[SourceDate "2019.09.30"]
[SourceVersion "1"]
[SourceVersionDate "2019.09.30"]
[SourceQuality "1"]

1. d4 d5 2. Bf4 Bf5 3. e3 e6 4. c4 Nf6 5. Nc3 Bb4 6. Nf3 Ne4 7. Qc1 Qe7 8. c5 0-0 9. a3 Bxc3+ 10. bxc3 c6 11. Bd3 Nd7 12. Bxe4 Bxe4 13. Bd6 Qf6 14. Bxf8 Nxf8 15. Qd1 Ng6 16. Ra2 Rb8 17. Rb2 e5 18. a4 a5 19. h3 Qf5 20. 0-0 Bxf3 21. Qxf3 Qxf3 22. gxf3 Nh4 23. Rfb1 Nxf3+ 24. Kg2 Nh4+ 25. Kg3 Nf5+ 26. Kh2 e4 27. Rxb7 Rxb7 28. Rxb7 h6 29. Ra7 Nh4 30. Rxa5 Nf3+ 31. Kg3 Nd2 32. Ra8+ Kh7 33. a5 Nc4 34. a6 Na5 35. Rc8 Kg6 36. a7 Nc4 37. a8Q h5 38. Qxc6+ f6 39. Qxd5 Nd2 40. Rf8 Nf3 41. Qf7+ Kg5 42. Qxg7+ Kf5 43. Rxf6# 1-0

[Event "GER-ch U25-C"]
[Site "Willingen"]
[Date "2018.05.23"]
[Round "5"]
[White "Zalomska, Nikola"]
[Black "Sarian, Gaya"]
[Result "0-1"]
[WhiteElo "1174"]
[BlackElo "1143"]
[PlyCount "100"]
[EventDate "2018.05.19"]
[EventType "swiss"]
[EventRounds "9"]
[EventCountry "GER"]
[SourceTitle "CBM 184 Extra"]
[Source "ChessBase"]
[SourceDate "2018.06.28"]
[SourceVersion "1"]
[SourceVersionDate "2018.06.28"]
[SourceQuality "1"]

1. e4 e5 2. Nf3 Nc6 3. Bc4 Bc5 4. d3 Nf6 5. Be3 Bxe3 6. fxe3 d6 7. 0-0 Bg4 8. Nbd2 0-0 9. a4 a6 10. h3 Bh5 11. g4 Bg6 12. Nh4 d5 13. Nxg6 fxg6 14. exd5 Nxd5 15. Rxf8+ Kxf8 16. Qf3+ Nf6 17. g5 Rb8 18. gxf6 gxf6 19. Rf1 Kg7 20. Ne4 f5 21. Nc5 Qd6 22. Qd5 Qxd5 23. Bxd5 Nb4 24. Bb3 b6 25. Ne6+ Kf6 26. Nxc7 Rc8 27. c3 Nxd3 28. Nd5+ Kg7 29. Nxb6 Rb8 30. a5 Nxb2 31. Rf2 Nd3 32. Rd2 Nc5 33. Bc2 e4 34. Nd7 Rd8 35. Rd6 Rxd7 36. Rxd7+ Nxd7 37. Bb3 Kf6 38. Kf2 Ke5 39. h4 Nb8 40. Bg8 h6 41. Bf7 Kf6 42. Bd5 g5 43. h5 g4 44. Kg3 Kg5 45. Bf7 Nc6 46. Be8 Nxa5 47. Bd7 Nb7 48. c4 Nc5 49. Bc8 a5 50. Kf2 a4 0-1